000
00243nam a2200097Ia 4500
008
230907s9999||||xx |||||||||||||| ||und||
082
_a
687.16
_b
PER
245
0
_a
Performance of protective clothing :
300
_a
vol. 7; 583 p. :
942
_c
BK
999
_c
599920
_d
599920